| 000 | 00528 a2200169 4500 | ||
|---|---|---|---|
| 999 |
_c5922 _d5922 |
||
| 020 | _a9780198306917 | ||
| 050 | _aQA 805 BUR 2013 | ||
| 100 |
_aBuegess, Martin _eauthor |
||
| 245 |
_aoxford mechanics 1: _b for Cambridge international AS &A level _cMartin Burgess, Phil Crossley and Jim Fensom |
||
| 264 |
_aOxford : _bOxford University Press _c2015 |
||
| 300 |
_av., 148p. _bill. (col). |
||
| 500 | _aIncludes index | ||
| 650 | _aMechanics | ||
| 700 | _aCrossley, Phil | ||
| 700 | _aFensom, Jim | ||
| 942 |
_2lcc _cBK _h805 _iBUR _kQA |
||